[Event "Detroit (MOR/6/13)"]
[Site "?"]
[Date "1990.??.??"]
[Round "?"]
[White "Ladomer, W."]
[Black "Munger, Larry"]
[Result "0-1"]
[WhiteElo "1605"]
[BlackElo "1730"]
[PlyCount "156"]
[EventDate "1990.??.??"]

{6/(13)} 1. e4 d6 2. d4 Nf6 3. Nc3 g6 4. Bb5+ Bd7 5. Bxd7+ Nbxd7 6. Nf3 Bg7 7.
O-O O-O 8. Be3 c5 9. d5 Ng4 10. Bf4 Bxc3 11. bxc3 Ngf6 12. Bh6 Re8 13. Re1 Ne5
14. Nxe5 dxe5 15. c4 e6 16. Bg5 exd5 17. cxd5 Qd6 18. Qf3 Nh5 19. Re2 f6 20.
Bd2 Rf8 21. Bh6 Rf7 22. c4 f5 23. Rb1 b6 24. a4 Rb8 25. Qb3 f4 26. a5 g5 27.
Bxg5 Qg6 28. f3 Qxg5 29. axb6 Rxb6 30. Qa2 Qg6 31. Rxb6 Qxb6 32. Rb2 Qd6 33.
Qa3 a6 34. Qa5 Rf6 35. Rb7 Rg6 36. Rc7 Qb6 37. Rc8+ Kg7 38. Rc7+ Kg8 39. Rc8+
Kg7 40. Rc7+ Kg8 41. Rc8+ Kf7 42. Rc7+ Ke8 43. Qa4+ Kf8 44. Rc8+ Kg7 45. Qd7+
Kh6 46. Rc6 Qb1+ 47. Kf2 Qc2+ 48. Ke1 Qc1+ 49. Ke2 Qxc4+ 50. Kd2 Qd4+ 51. Kc1
Qg1+ 52. Kb2 Qxg2+ 53. Ka3 Qxf3+ 54. Ka4 Qxe4+ 55. Ka5 Qc4 56. Rxg6+ hxg6 57.
d6 f3 58. Qe8 Qb5+ 59. Qxb5 axb5 60. d7 f2 61. d8=Q f1=Q 62. Qh8+ Kg5 63. Qxe5+
Qf5 64. Qe3+ Nf4 65. Qg1+ Kf6 66. Kxb5 Qd7+ 67. Kc4 Qa4+ 68. Kxc5 Qa7+ 69. Kc4
Qxg1 70. h3 Nxh3 71. Kd5 Qe3 72. Kd6 Qe5+ 73. Kc6 Ke6 74. Kb6 Kd6 75. Kb7 Qc5
76. Ka8 Qb5 77. Ka7 Kc7 78. Ka8 Qa6# 0-1

[Event "Detroit (RVO/4)"]
[Site "?"]
[Date "1990.??.??"]
[Round "?"]
[White "Ladomer, W."]
[Black "Mohammed, Azziem"]
[Result "0-1"]
[WhiteElo "1605"]
[BlackElo "1685"]
[PlyCount "120"]
[EventDate "1990.??.??"]

1. e4 b6 2. d4 Bb7 3. Bd3 e6 4. Nf3 Nf6 5. Bg5 h6 6. Bxf6 gxf6 7. a3 Rg8 8. g3
c5 9. Nc3 Na6 10. Qe2 Nc7 11. O-O-O Qe7 12. Rhe1 O-O-O 13. Nb5 Nxb5 14. Bxb5
Bg7 15. dxc5 Qxc5 16. Qc4 Qxc4 17. Bxc4 f5 18. Nd2 fxe4 19. Nxe4 d5 20. Bxd5
Bxd5 21. Rd3 Rd7 22. Red1 Rgd8 23. Nc3 Bxc3 24. Rxc3+ Rc7 25. Rxc7+ Kxc7 26.
Rd4 Bf3 27. Rxd8 Kxd8 28. Kd2 e5 29. Kc3 Kc7 30. Kb4 Kc6 31. a4 a5+ 32. Kc4
Be2+ 33. Kc3 Kc5 34. Kd2 Bf3 35. Ke3 e4 36. Kd2 h5 37. h4 Kd4 38. c3+ Kc4 39.
Kc2 Be2 40. b3+ Kd5 41. b4 axb4 42. cxb4 Kc4 43. a5 bxa5 44. bxa5 Kb5 45. Kd2
Bg4 46. Ke1 Kxa5 47. Kf1 Kb4 48. Kg2 Kc3 49. Kg1 Kd2 50. Kf1 f5 51. Kg2 Ke1 52.
Kg1 Bf3 53. g4 Bxg4 54. Kg2 f4 55. Kh1 Kxf2 56. Kh2 e3 57. Kh1 Bf3+ 58. Kh2 e2
59. Kh3 e1=Q 60. Kh2 Qh1# 0-1

[Event "Lansing (MI Am/1/38)"]
[Site "?"]
[Date "1990.??.??"]
[Round "?"]
[White "Ladomer, W."]
[Black "Lewis, James"]
[Result "0-1"]
[WhiteElo "1605"]
[BlackElo "1735"]
[PlyCount "20"]
[EventDate "1990.??.??"]

{1/(38)} 1. e4 e5 2. Nf3 Nc6 3. Bc4 Bc5 4. c3 Nf6 5. d4 exd4 6. cxd4 Bb4+ 7.
Nc3 Nxe4 8. Bd2 Nxd2 9. Qxd2 Qe7+ 10. Be2 O-O {[Remainder illegible; 0-1, 24?]}
0-1

[Event "Detroit (MOR/7/21)"]
[Site "?"]
[Date "1990.??.??"]
[Round "?"]
[White "Ladomer, W."]
[Black "Group, J."]
[Result "1-0"]
[WhiteElo "1605"]
[BlackElo "1615"]
[PlyCount "83"]
[EventDate "1990.??.??"]

{7/(21)} 1. e4 c6 2. d4 d5 3. Nc3 dxe4 4. Nxe4 Nf6 5. Nxf6+ gxf6 6. Bf4 Bf5 7.
Nf3 e6 8. Bd3 Bg4 9. c3 Bd6 10. Bxd6 Qxd6 11. O-O Nd7 12. Be2 h5 13. Nh4 O-O-O
14. f4 Rdg8 15. Bxg4 Rxg4 16. g3 Rhg8 17. Kh1 f5 18. c4 Nf6 19. d5 exd5 20.
cxd5 Qxd5+ 21. Qxd5 Nxd5 22. Nxf5 R4g6 23. Rfe1 Re6 24. Rxe6 fxe6 25. Nd6+ Kc7
26. Nc4 h4 27. Rg1 hxg3 28. Rxg3 Rxg3 29. hxg3 b5 30. Ne5 c5 31. Kg2 a5 32. Kf2
c4 33. Ke2 c3 34. Kd1 Ne3+ 35. Kc1 c2 36. Nf3 Kd6 37. Ne1 Kd5 38. Nxc2 Nxc2 39.
Kxc2 Ke4 40. Kd2 e5 41. fxe5 Kxe5 42. Ke3 1-0

[Event "Lansing (Feb)"]
[Site "?"]
[Date "1990.??.??"]
[Round "?"]
[White "LaGuire, D."]
[Black "Scriber, Darin"]
[Result "0-1"]
[WhiteElo "1605"]
[BlackElo "1605"]
[PlyCount "62"]
[EventDate "1990.??.??"]

1. e4 Nf6 2. e5 Nd5 3. d4 d6 4. c4 Nb6 5. f4 dxe5 6. fxe5 Bf5 7. Nf3 e6 8. Nc3
Nc6 9. Be3 Be7 10. Be2 O-O 11. O-O Qd7 12. Ng5 h6 13. Nf3 Rad8 14. c5 Nd5 15.
Nxd5 Qxd5 16. Qa4 a5 17. Bc4 Qd7 18. Rac1 Be4 19. Be2 f6 20. a3 Ra8 21. Bb5 Qd8
22. Qb3 Bd5 23. Bc4 Bxc4 24. Qxc4 Qd7 25. Rcd1 Rfd8 26. Rd2 Bf8 27. Rfd1 Ne7
28. exf6 gxf6 29. Nh4 Nd5 30. Qe2 Nxe3 31. Qxe3 Qd5 $138 0-1

[Event "Flint (Class C/2)"]
[Site "?"]
[Date "1990.??.??"]
[Round "?"]
[White "LaGuire, D."]
[Black "Lloyd, M."]
[Result "1-0"]
[WhiteElo "1605"]
[BlackElo "1605"]
[PlyCount "63"]
[EventDate "1990.??.??"]

1. e4 e6 2. d4 d5 3. Nc3 Bb4 4. e5 c5 5. Qg4 g6 6. Bd2 Ne7 7. Bb5+ Nbc6 8. Nge2
Bd7 9. Bg5 Qc7 10. Bf6 h5 11. Qh4 Nf5 12. Qf4 cxd4 13. Bxh8 dxc3 14. b3 Be7 15.
g4 g5 16. Qa4 O-O-O 17. gxf5 Nb4 18. Bxd7+ Qxd7 19. Qxd7+ Kxd7 20. O-O-O Rxh8
21. Nxc3 Rc8 22. f6 Rxc3 23. fxe7 Rxc2+ 24. Kb1 Rxa2 25. Rc1 Ra6 26. Rc7+ Ke8
27. Rxb7 Nc6 28. Rc1 Nxe7 29. Rcc7 Nc6 30. Rxf7 Nxe5 31. Rh7 Ng6 32. Rb8# 1-0

[Event "Lansing (Jan)"]
[Site "?"]
[Date "1990.??.??"]
[Round "?"]
[White "LaGuire, D."]
[Black "Little, T."]
[Result "1-0"]
[WhiteElo "1605"]
[BlackElo "1605"]
[PlyCount "75"]
[EventDate "1990.??.??"]

1. e4 d6 2. d4 Nf6 3. Nc3 g6 4. Bd3 Bg7 5. Nge2 O-O 6. f3 c6 7. Be3 Nbd7 8. Qd2
Nb6 9. O-O Re8 10. Nd1 e5 11. c3 Be6 12. b3 Qc7 13. Ng3 Nfd7 14. f4 exd4 15.
cxd4 Nf6 16. Nf2 Ng4 17. Nxg4 Bxg4 18. h3 Bd7 19. f5 c5 20. f6 Bh8 21. Rac1 Qd8
22. Qf2 Rc8 23. dxc5 dxc5 24. Bxc5 Re6 25. Be7 Qe8 26. Nh5 Rxe7 27. fxe7 Qxe7
28. Rxc8+ Bxc8 29. Nf6+ Bxf6 30. Qxf6 Qxf6 31. Rxf6 Nd7 32. Rd6 Kg7 33. Kf2 Nc5
34. Ke3 Be6 35. Kd4 Nd7 36. Bc4 Kf6 37. Bxe6 fxe6 38. Rxd7 1-0

[Event "Lansing (Jan)"]
[Site "?"]
[Date "1990.??.??"]
[Round "?"]
[White "LaGuire, D."]
[Black "Jones, A."]
[Result "1-0"]
[WhiteElo "1605"]
[BlackElo "1605"]
[PlyCount "59"]
[EventDate "1990.??.??"]

1. e4 e5 2. Nf3 Nc6 3. Bb5 d6 4. h3 Bd7 5. c3 g6 6. O-O Bh6 7. Na3 Nge7 8. Nc2
f6 9. d4 g5 10. Nxg5 Ng6 11. Nf3 Bxc1 12. Rxc1 Qe7 13. d5 Na5 14. Bxd7+ Qxd7
15. Ne3 O-O-O 16. b4 Nf4 17. Kh2 Nxg2 18. Nxg2 Nc4 19. Nfh4 Rdg8 20. Nf5 Rg5
21. Nge3 Nxe3 22. fxe3 Rhg8 23. Rc2 Qf7 24. Rff2 Kd7 25. Nh6 Rg1 26. Qf3 Qg7
27. Nxg8 Qxg8 28. Qxf6 Re1 29. Qf5+ Ke8 30. Qc8+ 1-0

[Event "Flint (Class C/5)"]
[Site "?"]
[Date "1990.??.??"]
[Round "?"]
[White "LaGuire, D."]
[Black "Fletcher, G."]
[Result "1/2-1/2"]
[WhiteElo "1605"]
[BlackElo "1605"]
[PlyCount "73"]
[EventDate "1990.??.??"]

1. e4 e5 2. Nc3 Nf6 3. Nf3 Bc5 4. d3 Ng4 5. d4 exd4 6. Nxd4 Qf6 7. Qxg4 Bxd4 8.
Qf3 Qxf3 9. gxf3 O-O 10. Nb5 Bb6 11. Be3 Bxe3 12. fxe3 Na6 13. O-O-O c6 14. Nd6
Nc5 15. Rg1 b5 16. Nxc8 Raxc8 17. Rg5 Ne6 18. Rg2 Nc5 19. Rgd2 a5 20. Bh3 Rcd8
21. Bxd7 Nxd7 22. Rxd7 Rxd7 23. Rxd7 Rc8 24. Ra7 a4 25. b3 axb3 26. cxb3 c5 27.
Ra5 c4 28. Rxb5 cxb3+ 29. Kb2 bxa2 30. Kxa2 f6 31. Kb2 Kf7 32. h4 Kg6 33. f4
Re8 34. e5 fxe5 35. fxe5 Kf5 36. Rb7 Kg6 37. Rb5 1/2-1/2

[Event "Lansing (Apr)"]
[Site "?"]
[Date "1990.??.??"]
[Round "?"]
[White "LaGuire, D."]
[Black "Eck, J."]
[Result "1-0"]
[WhiteElo "1605"]
[BlackElo "1605"]
[PlyCount "93"]
[EventDate "1990.??.??"]

1. e4 e5 2. Nf3 Nc6 3. Bb5 a6 4. Ba4 Nf6 5. O-O b5 6. Bb3 d6 7. d3 Na5 8. c3
Nxb3 9. axb3 c5 10. Bg5 Be7 11. c4 Bd7 12. Nbd2 h6 13. Bh4 Nh7 14. Bg3 O-O 15.
b4 bxc4 16. Nxc4 cxb4 17. b3 f5 18. h3 f4 19. Bh2 a5 20. Ra2 Ng5 21. Nxg5 hxg5
22. f3 Be6 23. Rff2 Qc7 24. Rfc2 Qd8 25. Qe2 Bf6 26. Kh1 d5 27. exd5 Bxd5 28.
Bg1 Bxc4 29. dxc4 a4 30. Rxa4 Rxa4 31. bxa4 Re8 32. c5 b3 33. Qc4+ Kh7 34. Qxb3
e4 35. fxe4 Rxe4 36. c6 Be5 37. Qf3 Re1 38. Qh5+ Kg8 39. Re2 Rxg1+ 40. Kxg1
Qd1+ 41. Kh2 f3+ 42. Rxe5 Qd6 43. Qe8+ Kh7 44. gxf3 Qd2+ 45. Re2 Qf4+ 46. Kg2
Qh4 47. Qe4+ 1-0

[Event "Lansing (MI Am/3/13)"]
[Site "?"]
[Date "1990.??.??"]
[Round "?"]
[White "LaForge, Tom"]
[Black "Ward, Tim"]
[Result "1-0"]
[WhiteElo "1945"]
[BlackElo "1820"]
[PlyCount "133"]
[EventDate "1990.??.??"]

{3/(13)} 1. e4 e6 2. d4 d5 3. Nd2 Nf6 4. e5 Nfd7 5. f4 c5 6. c3 Nc6 7. Ndf3
cxd4 8. cxd4 f6 9. Ne2 fxe5 10. fxe5 Be7 11. g3 O-O 12. Bg2 Qb6 13. Rf1 Bb4+
14. Bd2 Rxf3 15. Bxf3 Nxd4 16. Nxd4 Qxd4 17. Bxb4 Qxb4+ 18. Qd2 Qxd2+ 19. Kxd2
Nxe5 20. Be2 Bd7 21. Rac1 Nc6 22. b4 a6 23. a4 Rf8 24. b5 axb5 25. axb5 Nd4 26.
Rxf8+ Kxf8 27. Rc7 Bxb5 28. Bxb5 Nxb5 29. Rxb7 Nd6 30. Rd7 Nf5 31. Kd3 Ke8 32.
Ra7 e5 33. h4 Ne7 34. g4 Kf7 35. Ke3 h6 36. Kd3 Ke6 37. Ra6+ Kd7 38. Kc3 g6 39.
Kb4 e4 40. Kc5 Kc7 41. Rd6 h5 42. g5 e3 43. Re6 Nf5 44. Kxd5 Kd7 45. Re4 e2 46.
Rxe2 Nxh4 47. Re6 Kc7 48. Rf6 Kd7 49. Ke5 Ke7 50. Ke4 Ke8 51. Ke5 Ke7 52. Kf4
Ke8 53. Ke4 Ke7 54. Ke5 Kd7 55. Rf7+ Kc6 56. Rf2 Kd7 57. Kf6 Kd6 58. Rd2+ Kc5
59. Rh2 Nf3 60. Rc2+ Kd5 61. Kxg6 h4 62. Kf6 h3 63. g6 h2 64. Rxh2 Nxh2 65. g7
Ng4+ 66. Kg5 Ke6 67. g8=Q+ 1-0

[Event "Lansing (MI Am/5/3)"]
[Site "?"]
[Date "1990.??.??"]
[Round "?"]
[White "LaForge, Tom"]
[Black "Vukotic, D."]
[Result "0-1"]
[WhiteElo "1945"]
[BlackElo "1970"]
[PlyCount "97"]
[EventDate "1990.??.??"]

{5/(3)} 1. e4 c5 2. Nf3 d6 3. d4 cxd4 4. Nxd4 Nf6 5. Nc3 g6 6. g3 Bg7 7. Bg2
O-O 8. O-O Nc6 9. Nde2 Be6 10. h3 Qd7 11. Kh2 Rac8 12. Nd5 Bxd5 13. exd5 Ne5
14. c3 b5 15. f4 Nc4 16. b3 Nb6 17. Be3 Qc7 18. Qd3 Nbd7 19. Rad1 Nc5 20. Qb1
Nfd7 21. Bd4 Nf6 22. f5 a5 23. fxg6 hxg6 24. Nf4 Qd7 25. Rfe1 Kh7 26. Re2 Rh8
27. Rde1 Rce8 28. Kg1 Kg8 29. Bf3 Rh6 30. Bxf6 Bxf6 31. Bg4 Qa7 32. Kg2 Bxc3
33. Rf1 Be5 34. Nd3 Nxd3 35. Qxd3 Qb7 36. Qf3 Rf8 37. Be6 Rh7 38. Qg4 Rg7 39.
Ref2 Bf6 40. Bd7 Qxd5+ 41. Kh2 Bd4 42. Re2 e5 43. Rf6 e4 44. Rf4 f5 45. Qg5
Rxd7 46. Qxg6+ Rg7 47. Qh6 Be5 48. Rh4 Bxg3+ 49. Kg1 0-1

[Event "Lansing (Feb)"]
[Site "?"]
[Date "1990.??.??"]
[Round "?"]
[White "LaFata, Sam"]
[Black "Scott, Steven"]
[Result "1-0"]
[WhiteElo "1950"]
[BlackElo "1930"]
[PlyCount "55"]
[EventDate "1990.??.??"]

1. e4 c5 2. Nf3 Nc6 3. d4 cxd4 4. Nxd4 d6 5. Nc3 Nf6 6. Be2 e6 7. O-O Be7 8.
Be3 O-O 9. f4 e5 10. Nb3 exf4 11. Rxf4 Ne5 12. Kh1 Be6 13. Nd4 Ng6 14. Rf1 a6
15. Nxe6 fxe6 16. Bc4 Qd7 17. a4 Kh8 18. Qe2 Ne5 19. Bb3 Rac8 20. Bf4 Ng6 21.
Bg3 e5 22. h3 Qc6 23. a5 Rcd8 24. Nd5 Nxd5 25. Bxd5 Qd7 26. Qh5 Rf6 27. Rf5
Rdf8 28. Qxh7+ 1-0

[Event "Lansing (MI Am/1/5)"]
[Site "?"]
[Date "1990.??.??"]
[Round "?"]
[White "LaFata, Sam"]
[Black "Sahul, Z."]
[Result "1-0"]
[WhiteElo "1950"]
[BlackElo "1605"]
[PlyCount "20"]
[EventDate "1990.??.??"]

{1/(5)} 1. d4 d5 2. c4 Nf6 3. Nc3 Bf5 4. Nf3 e6 5. Bg5 Be7 6. Bxf6 Bxf6 7. cxd5
exd5 8. Qb3 b6 9. Qxd5 Qxd5 10. Nxd5 c6 1-0

[Event "Lansing (MI Am/3/2)"]
[Site "?"]
[Date "1990.??.??"]
[Round "?"]
[White "LaFata, Sam"]
[Black "Kung, Fred"]
[Result "1/2-1/2"]
[WhiteElo "1950"]
[BlackElo "1880"]
[PlyCount "59"]
[EventDate "1990.??.??"]

{3/(2)} 1. e4 e6 2. d4 d5 3. Nd2 c5 4. exd5 Qxd5 5. Ngf3 cxd4 6. Bc4 Qd6 7. O-O
Nf6 8. Nb3 Nc6 9. Nbxd4 Nxd4 10. Qxd4 a6 11. Be3 Qxd4 12. Bxd4 b5 13. Be2 Bb7
14. Ne5 Bd6 15. a4 b4 16. Nc4 Be7 17. Rac1 O-O 18. c3 Nd5 19. Ne3 Rfd8 20. Nxd5
Bxd5 21. Bb6 Rdb8 22. a5 bxc3 23. bxc3 Bd8 24. Rb1 Rc8 25. Bxd8 Rxd8 26. Rb6
Rdc8 27. Rfb1 g6 28. Rc1 Bc4 29. Bf3 Ra7 30. Re1 1/2-1/2

[Event "Lansing (MI Am/5/2)"]
[Site "?"]
[Date "1990.??.??"]
[Round "?"]
[White "LaFata, Sam"]
[Black "Arganian, David H"]
[Result "0-1"]
[WhiteElo "1950"]
[BlackElo "1855"]
[PlyCount "126"]
[EventDate "1990.??.??"]

{5/(2)} 1. d4 Nf6 2. c4 g6 3. Nc3 d5 4. Nf3 Bg7 5. e3 O-O 6. cxd5 Nxd5 7. Bc4
Nxc3 8. bxc3 c5 9. O-O Nc6 10. Qe2 Qc7 11. h3 b6 12. Bb2 Bb7 13. Rac1 Rac8 14.
Rfd1 Na5 15. Bb5 Rfd8 16. Bd3 Nc6 17. Bb1 Qb8 18. Re1 e5 19. Rcd1 exd4 20. cxd4
cxd4 21. exd4 Qd6 22. Ne5 Nb4 23. d5 Nxd5 24. Rd4 Qxe5 25. Qxe5 Bxe5 26. Rxe5
Re8 27. Rxe8+ Rxe8 28. Kf1 Ba6+ 29. Bd3 Bb7 30. Bc4 Rd8 31. h4 a6 32. h5 Rd7
33. hxg6 fxg6 34. Re4 b5 35. Bb3 a5 36. Re8+ Kf7 37. Rh8 Ke6 38. Re8+ Kd6 39.
Be5+ Kc5 40. Ke2 Re7 41. Rxe7 Nxe7 42. g3 Bd5 43. Bf6 Ng8 44. Bxd5 Kxd5 45. Bd8
a4 46. Ba5 Ne7 47. Kd3 Nc6 48. Bb6 b4 49. Be3 Ne5+ 50. Kc2 Nf3 51. Kd3 h5 52.
Bh6 Ne5+ 53. Kd2 Nf7 54. Bf8 Kc4 55. Kc2 g5 56. Be7 g4 57. Bf6 Nd6 58. Bd8 Ne4
59. Bb6 b3+ 60. axb3+ axb3+ 61. Kb2 Kd3 62. Kxb3 Ke2 63. Kc4 Nxf2 0-1

[Event "Flint (Class A/5)"]
[Site "?"]
[Date "1990.??.??"]
[Round "?"]
[White "Kung, Fred"]
[Black "Wright, William"]
[Result "0-1"]
[WhiteElo "1845"]
[BlackElo "1915"]
[PlyCount "100"]
[EventDate "1990.??.??"]

1. e4 e6 2. d4 d5 3. Nc3 Bb4 4. e5 c5 5. a3 Bxc3+ 6. bxc3 Ne7 7. Qg4 Qc7 8.
Qxg7 Rg8 9. Qxh7 Nbc6 10. Ne2 cxd4 11. f4 dxc3 12. Qd3 Bd7 13. Nxc3 a6 14. Rb1
Nf5 15. g3 Na5 16. Ne2 Bb5 17. Qc3 Rc8 18. Qxc7 Rxc7 19. c3 Bd3 20. Rb2 Bxe2
21. Bxe2 Rxc3 22. Bd2 Rxa3 23. Bxa5 Rxa5 24. Rxb7 Ra1+ 25. Bd1 Kf8 26. Kf2 Kg7
27. Bf3 Ra2+ 28. Be2 Nd4 29. Re1 Rc8 30. Kf1 Nxe2 31. Rxe2 Rxe2 32. Kxe2 Rc2+
33. Ke3 Rxh2 34. Ra7 Ra2 35. g4 Kg6 36. Kd4 Ra4+ 37. Ke3 a5 38. Ra8 Ra1 39.
Rg8+ Kh7 40. Ra8 a4 41. f5 a3 42. fxe6 fxe6 43. Kf2 Kg6 44. Rg8+ Kh7 45. Ra8
Kh6 46. Kg2 Kg5 47. Ra4 Re1 48. Rxa3 Kxg4 49. Rf3 Re2+ 50. Rf2 Rxf2+ 0-1

[Event "Flint (Class A/3)"]
[Site "?"]
[Date "1990.??.??"]
[Round "?"]
[White "Kung, Fred"]
[Black "Wolf, P."]
[Result "1-0"]
[WhiteElo "1845"]
[BlackElo "1935"]
[PlyCount "57"]
[EventDate "1990.??.??"]

1. e4 c5 2. Nf3 d6 3. d4 cxd4 4. Nxd4 Nf6 5. Nc3 a6 6. Bg5 e6 7. f4 Be7 8. Qf3
Qc7 9. O-O-O O-O 10. Be2 Nbd7 11. g4 b5 12. Bxf6 Bxf6 13. g5 Be7 14. Qg3 b4 15.
Na4 Qa5 16. Nc6 Qxa4 17. Nxe7+ Kh8 18. Bc4 Nb6 19. Bb3 Qd7 20. Nxc8 Raxc8 21.
f5 Rcd8 22. fxe6 fxe6 23. g6 h6 24. Rhf1 e5 25. Rf7 Rxf7 26. gxf7 Qe7 27. Qg6
Qg5+ 28. Qxg5 hxg5 29. Rxd6 1-0

[Event "Detroit (MI Op/2/34)"]
[Site "?"]
[Date "1990.??.??"]
[Round "?"]
[White "Kung, Fred"]
[Black "Ward, Tom"]
[Result "0-1"]
[WhiteElo "1870"]
[BlackElo "2100"]
[PlyCount "70"]
[EventDate "1990.??.??"]

{2/(34)} 1. e4 c5 2. Nf3 d6 3. d4 cxd4 4. Nxd4 Nf6 5. Nc3 a6 6. Bg5 e6 7. f4
Be7 8. Qf3 Qc7 9. O-O-O Nbd7 10. g4 b5 11. Bxf6 Nxf6 12. g5 Nd7 13. f5 Nc5 14.
f6 gxf6 15. gxf6 Bf8 16. Rg1 h5 17. Rg7 b4 18. Nd5 exd5 19. exd5 Bg4 20. Re1+
Kd8 21. Qf4 Kc8 22. h3 Bd7 23. Nf5 Bxf5 24. Qxf5+ Qd7 25. Qf4 Bxg7 26. fxg7 Rg8
27. Qf6 Ra7 28. Qh6 Qd8 29. Be2 Re7 30. Qxh5 Rxg7 31. Bg4+ Kc7 32. Rf1 Qe8 33.
Qh4 Re4 34. Qf2 Qe5 35. Qd2 f6 0-1

[Event "Lansing (MI Am/4/6)"]
[Site "?"]
[Date "1990.??.??"]
[Round "?"]
[White "Kung, Fred"]
[Black "Sherbel, Steve"]
[Result "1/2-1/2"]
[WhiteElo "1880"]
[BlackElo "1915"]
[PlyCount "97"]
[EventDate "1990.??.??"]

{4/(6)} 1. e4 e6 2. d4 d5 3. Nc3 Bb4 4. e5 b6 5. a3 Bf8 6. f4 Ne7 7. Bd3 Ba6 8.
Nf3 Bxd3 9. Qxd3 h5 10. Be3 Nf5 11. Bf2 Be7 12. g3 Qd7 13. h3 c5 14. O-O-O cxd4
15. Ne2 Nc6 16. g4 Ne3 17. Bxe3 dxe3 18. Qxe3 Na5 19. Qd3 Qa4 20. Nfd4 Qc4 21.
Qxc4 Nxc4 22. f5 Bg5+ 23. Kb1 hxg4 24. hxg4 Rxh1 25. Rxh1 Kd7 26. fxe6+ fxe6
27. Nf3 Nd2+ 28. Nxd2 Bxd2 29. Rf1 Ke7 30. Nd4 Be3 31. Nc6+ Ke8 32. c3 a5 33.
Rf3 Bh6 34. Kc2 Rc8 35. Nd4 Ke7 36. Kd3 Bg5 37. Rf2 Rh8 38. Kc2 Be3 39. Rg2
Bxd4 40. cxd4 Rh3 41. g5 g6 42. Kd2 Rb3 43. Kc2 Rf3 44. Rh2 Rg3 45. Rh7+ Kf8
46. Rb7 Rg2+ 47. Kc3 Rg3+ 48. Kc2 Rg2+ 49. Kc3 1/2-1/2

[Event "Detroit (MI Op/5/43)"]
[Site "?"]
[Date "1990.??.??"]
[Round "?"]
[White "Kung, Fred"]
[Black "Libby, Dan"]
[Result "1-0"]
[WhiteElo "1870"]
[BlackElo "1695"]
[PlyCount "115"]
[EventDate "1990.??.??"]

{5/(43)} 1. e4 d6 2. d4 Nf6 3. Nc3 g6 4. f4 Bg7 5. Nf3 c5 6. Bb5+ Bd7 7. e5 Ng4
8. e6 Bxb5 9. exf7+ Kd7 10. Nxb5 Qa5+ 11. Nc3 cxd4 12. Nxd4 Bxd4 13. Qxd4 Nc6
14. Qd1 h5 15. h3 Nh6 16. Be3 Nf5 17. Qd2 Raf8 18. O-O-O Rxf7 19. Rhe1 Kc8 20.
g4 hxg4 21. hxg4 Nxe3 22. Qxe3 Kb8 23. Qe4 Qb4 24. Nd5 Qxe4 25. Rxe4 Kc8 26.
Re6 Rg8 27. Rde1 Kd7 28. b4 Rgg7 29. c3 Nd8 30. R6e4 e6 31. Ne3 d5 32. Rd1 Kc8
33. Red4 Nc6 34. R4d2 Rxf4 35. Rg2 Rc7 36. Kd2 e5 37. Nxd5 Rd7 38. Ke3 g5 39.
Rd3 e4 40. Nxf4 exd3 41. Nxd3 Re7+ 42. Kd2 b5 43. Rg3 Rh7 44. Kc2 a5 45. a3
Rh2+ 46. Kd1 a4 47. Rf3 Ra2 48. Rf5 Na7 49. Rxg5 Rxa3 50. Kc2 Ra2+ 51. Kb1 Rg2
52. Rg8+ Kc7 53. g5 Kd6 54. g6 Nc6 55. g7 Ke7 56. Rc8 Kd7 57. g8=Q Rxg8 58.
Rxg8 1-0

[Event "Detroit (MI Op/1b/4)"]
[Site "?"]
[Date "1990.??.??"]
[Round "?"]
[White "Kung, Fred"]
[Black "Finegold, Ron"]
[Result "0-1"]
[WhiteElo "1870"]
[BlackElo "2200"]
[PlyCount "70"]
[EventDate "1990.??.??"]

1. e4 e5 2. Nf3 Nc6 3. Bb5 g6 4. d4 exd4 5. Nxd4 Bg7 6. Nxc6 bxc6 7. Bc4 Ne7 8.
Nc3 O-O 9. O-O Bb7 10. Bb3 Ba6 11. Re1 d6 12. Bg5 h6 13. Bh4 g5 14. Bg3 Ng6 15.
Qd2 Rb8 16. Nd1 Be5 17. Bxe5 Nxe5 18. f4 gxf4 19. Qxf4 Qg5 20. Qxg5+ hxg5 21.
Ne3 Bc8 22. Re2 Kg7 23. Nf5+ Bxf5 24. exf5 Kf6 25. Rf1 Rb6 26. Re3 c5 27. c4 a5
28. Rc3 Rfb8 29. Rf2 Rb4 30. Rh3 a4 31. Bd1 Rxb2 32. Bxa4 Rxf2 33. Kxf2 Rb2+
34. Kg3 Rxa2 35. Be8 Ra3+ 0-1

[Event "Lansing (MI Am/2/17)"]
[Site "?"]
[Date "1990.??.??"]
[Round "?"]
[White "Kung, Fred"]
[Black "Burnham, Kim"]
[Result "1-0"]
[WhiteElo "1880"]
[BlackElo "1605"]
[PlyCount "43"]
[EventDate "1990.??.??"]

{2/(17)} 1. e4 c5 2. Nf3 d6 3. d4 cxd4 4. Nxd4 Nf6 5. Nc3 a6 6. Bg5 e6 7. f4
Be7 8. Qf3 Nbd7 9. O-O-O O-O 10. g4 e5 11. Nf5 Nc5 12. fxe5 Bxf5 13. exf6 Bxf6
14. Bxf6 Bxg4 15. Qxg4 Qxf6 16. Bd3 Nxd3+ 17. Rxd3 Rfe8 18. Rg1 Re6 19. Nd5
Qh6+ 20. Kb1 Rae8 21. Rh3 Rxe4 22. Qxe4 1-0

[Event "Detroit (MI Op/6/19)"]
[Site "?"]
[Date "1990.??.??"]
[Round "?"]
[White "Kulbacki, James"]
[Black "Profit, Brian"]
[Result "1/2-1/2"]
[WhiteElo "2025"]
[BlackElo "1840"]
[PlyCount "83"]
[EventDate "1990.??.??"]

{6/(19)} 1. d4 Nf6 2. c4 c5 3. d5 e6 4. Nc3 exd5 5. cxd5 d6 6. Nf3 g6 7. e4 Bg7
8. Be2 O-O 9. O-O Re8 10. Nd2 Nbd7 11. f3 Ne5 12. g4 g5 13. Rf2 Ng6 14. Nf1 Nd7
15. Be3 Nf4 16. Kh1 Ne5 17. h4 h6 18. Qd2 Nxe2 19. Qxe2 Ng6 20. hxg5 hxg5 21.
Qd2 Bf6 22. Ng3 Ne5 23. b3 Kg7 24. Nh5+ Kg6 25. Rg1 Rh8 26. Kg2 Bxg4 27. Nxf6
Bh3+ 28. Kg3 Qxf6 29. Bxg5 Qxg5+ 30. Qxg5+ Kxg5 31. f4+ Kf6 32. fxe5+ Kxe5 33.
Rxf7 Rhg8+ 34. Kf2 Rxg1 35. Kxg1 Kd4 36. Nb5+ Kxe4 37. Nxd6+ Kxd5 38. Nxb7 a5
39. Rh7 Be6 40. Rh5+ Kc6 41. Nxc5 Bf7 42. Rg5 1/2-1/2

[Event "Detroit (MI Op/2/27)"]
[Site "?"]
[Date "1990.??.??"]
[Round "?"]
[White "Kulbacki, James"]
[Black "Jost, A."]
[Result "1-0"]
[WhiteElo "2025"]
[BlackElo "1825"]
[PlyCount "141"]
[EventDate "1990.??.??"]

{2/(27)} 1. d4 e6 2. e4 c5 3. d5 e5 4. Nf3 d6 5. Be2 Nf6 6. Nc3 a6 7. a4 Be7 8.
O-O Bg4 9. Nd2 Bxe2 10. Qxe2 Nbd7 11. Kh1 Nf8 12. Nc4 Ng6 13. a5 O-O 14. g3 Rb8
15. f4 Nd7 16. f5 Nh8 17. Qg4 Nf6 18. Qh3 Ne8 19. g4 Bg5 20. Bxg5 Qxg5 21. Qg3
Rd8 22. h4 Qh6 23. Rae1 g5 24. Re2 f6 25. Rh2 Nf7 26. h5 Qg7 27. Na4 h6 28. b4
cxb4 29. Rb1 Rc8 30. Rxb4 Nd8 31. Qb3 Rf7 32. Kg1 Rfc7 33. Ncb6 Rb8 34. Rh3 Qe7
35. c4 Nf7 36. Rc3 Qd8 37. Qc2 Qe7 38. c5 dxc5 39. Nxc5 Nfd6 40. Ne6 Rxc3 41.
Qxc3 Nb5 42. Qc5 Qxc5+ 43. Nxc5 Ned6 44. Ncd7 Rf8 45. Nxf8 Kxf8 46. Nd7+ Ke7
47. Nc5 Kd8 48. Kf2 Kc7 49. Ke3 b6 50. axb6+ Kxb6 51. Nd7+ Ka5 52. Rb1 Nc3 53.
Ra1+ Kb5 54. Nxf6 a5 55. Kd3 Kb4 56. Rxa5 Kxa5 57. Kxc3 Kb6 58. Kd3 Kc7 59. Ng8
Nf7 60. Ne7 Kd7 61. Nc6 Kd6 62. Kc4 Kd7 63. Kc5 Kc7 64. d6+ Nxd6 65. Kd5 Ne8
66. Nxe5 Nf6+ 67. Ke6 Nxe4 68. Ke7 Nd6 69. f6 Nc8+ 70. Kf8 Kd8 71. Kg7 1-0

[Event "Detroit (MI Op/5/13)"]
[Site "?"]
[Date "1990.??.??"]
[Round "?"]
[White "Kulbacki, James"]
[Black "Avery, Robert W"]
[Result "1/2-1/2"]
[WhiteElo "2025"]
[BlackElo "2205"]
[PlyCount "59"]
[EventDate "1990.??.??"]

{5/(13)} 1. d4 Nf6 2. c4 g6 3. Nc3 d5 4. Nf3 Bg7 5. Bg5 Ne4 6. cxd5 Nxg5 7.
Nxg5 e6 8. Nf3 exd5 9. e3 O-O 10. Bd3 Be6 11. Qc2 Nd7 12. O-O c5 13. dxc5 Nxc5
14. Rfd1 Rc8 15. Be2 Ne4 16. Nd4 Qa5 17. Rac1 Nxc3 18. bxc3 Rc7 19. Qb3 Rfc8
20. Nxe6 fxe6 21. e4 b6 22. exd5 Rxc3 23. dxe6 Rxc1 24. e7+ Kh8 25. e8=Q+ Rxe8
26. Rxc1 Qd2 27. Rc2 Qe1+ 28. Bf1 Bd4 29. Qd3 Bc5 30. Re2 1/2-1/2

[Event "Detroit (MOR/4/47)"]
[Site "?"]
[Date "1990.??.??"]
[Round "?"]
[White "Krzyston, Joe"]
[Black "Venia, Mike"]
[Result "1/2-1/2"]
[WhiteElo "1605"]
[BlackElo "1605"]
[PlyCount "103"]
[EventDate "1990.??.??"]

{4/(47)} 1. e4 c5 2. Nf3 d6 3. d4 cxd4 4. Nxd4 Nf6 5. Nc3 a6 6. Be3 Nbd7 7. Bc4
e6 8. Qd2 Be7 9. O-O-O O-O 10. Bg5 Qc7 11. Bd3 b5 12. Nf3 Nc5 13. e5 Nxd3+ 14.
Qxd3 dxe5 15. Bxf6 Bxf6 16. h4 Bb7 17. g4 g6 18. g5 Bg7 19. h5 Rfd8 20. Qe2 b4
21. Rxd8+ Rxd8 22. Ne4 Bxe4 23. Qxe4 Rc8 24. b3 Qc3 25. Nd2 Bf8 26. hxg6 fxg6
27. Nb1 Qc5 28. Qc4 Qxc4 29. bxc4 Rxc4 30. Rd1 Rd4 31. Nd2 Be7 32. Nf3 Rxd1+
33. Kxd1 Bd6 34. Kd2 Kf7 35. Kd3 Ke7 36. Kc4 Kd7 37. Nd2 Kc6 38. Ne4 a5 39. Nf6
Bc5 40. Nxh7 a4 41. f3 Kd6 42. Nf8 Be3 43. Kxb4 Bxg5 44. c4 Bd2+ 45. Kxa4 g5
46. Ng6 Kc5 47. Kb3 g4 48. fxg4 e4 49. Ne5 Kd4 50. Nc6+ Kd3 51. Ne5+ Kd4 52.
Nc6+ 1/2-1/2